<?xml version="1.0" encoding="UTF-8"?><marc:collection xmlns:marc="http://www.loc.gov/MARC21/slim">
  <marc:record>
    <marc:leader>00000nas  2200000za 4500</marc:leader>
    <marc:controlfield tag="001">9.513032</marc:controlfield>
    <marc:controlfield tag="003">CaOODSP</marc:controlfield>
    <marc:controlfield tag="005">20200325130157</marc:controlfield>
    <marc:controlfield tag="007">ta</marc:controlfield>
    <marc:controlfield tag="008">150406c1985||||xxc|| m #||||f|   |0fre|d</marc:controlfield>
    <marc:datafield tag="022" ind1=" " ind2=" ">
      <marc:subfield code="a">0831-8247</marc:subfield>
    </marc:datafield>
    <marc:datafield tag="040" ind1=" " ind2=" ">
      <marc:subfield code="a">CaOODSP</marc:subfield>
      <marc:subfield code="b">fre</marc:subfield>
    </marc:datafield>
    <marc:datafield tag="043" ind1=" " ind2=" ">
      <marc:subfield code="a">n-cn---</marc:subfield>
    </marc:datafield>
    <marc:datafield tag="086" ind1="1" ind2=" ">
      <marc:subfield code="a">Fo133-1F</marc:subfield>
    </marc:datafield>
    <marc:datafield tag="110" ind1="1" ind2=" ">
      <marc:subfield code="a">Canada.</marc:subfield>
      <marc:subfield code="b">Ressources naturelles Canada. </marc:subfield>
      <marc:subfield code="b">Service canadien des forêts.</marc:subfield>
    </marc:datafield>
    <marc:datafield tag="245" ind1="1" ind2="0">
      <marc:subfield code="a">Rapport d'information  / </marc:subfield>
      <marc:subfield code="c">Publié par le Centre de foresterie du Nord. </marc:subfield>
    </marc:datafield>
    <marc:datafield tag="260" ind1=" " ind2=" ">
      <marc:subfield code="a">Edmonton - Alberta : </marc:subfield>
      <marc:subfield code="b">Ressources naturelles Canada. </marc:subfield>
      <marc:subfield code="c">1985--.</marc:subfield>
    </marc:datafield>
    <marc:datafield tag="310" ind1=" " ind2=" ">
      <marc:subfield code="a">Irrégulier</marc:subfield>
    </marc:datafield>
    <marc:datafield tag="362" ind1="1" ind2=" ">
      <marc:subfield code="a">Paraît depuis NOR-X-273.</marc:subfield>
    </marc:datafield>
    <marc:datafield tag="500" ind1=" " ind2=" ">
      <marc:subfield code="a">Données de catalogage avant publication (Canada) imprimées dans ces publications.</marc:subfield>
    </marc:datafield>
    <marc:datafield tag="500" ind1=" " ind2=" ">
      <marc:subfield code="a">L'ISSN (0704-7673) imprimé dans ces publications est incorrect.</marc:subfield>
    </marc:datafield>
    <marc:datafield tag="546" ind1=" " ind2=" ">
      <marc:subfield code="a">(Abstracts in English.)</marc:subfield>
    </marc:datafield>
    <marc:datafield tag="563" ind1=" " ind2=" ">
      <marc:subfield code="a">Couverture souple</marc:subfield>
    </marc:datafield>
    <marc:datafield tag="775" ind1="0" ind2="8">
      <marc:subfield code="t">Information report. [NOR-X series] / </marc:subfield>
      <marc:subfield code="w">(CaOODSP)9.514659</marc:subfield>
    </marc:datafield>
    <marc:datafield tag="776" ind1="0" ind2="#">
      <marc:subfield code="t">Rapport d'information / </marc:subfield>
      <marc:subfield code="w">(CaOODSP)9.501528</marc:subfield>
    </marc:datafield>
  </marc:record>
</marc:collection>
